00244nam a2200085Ia 4500008004100000100001700041245005200058260003900110260000900149170620s9999 xx 000 0 und d aBhatt- P. C. 0aScience Process Skills in Teaching and Learning bNew Delhi- Commonwealth Publishers c2006